LEADER 00477naa a2200133 i 4500 001 000000326818 003 CaOOAMICUS 005 20180831173529.0 008 180831n it u000 u ita u 013 $a37984 040 $aSeMil$bita 245 13$aLa famiglia fragile. 773 0 $aCavallo, Melita$tFamiglia difficile.$dTorino : UTET Libreria, 1997.$kStrumenti per le scienze della formazione$z88-7750-471-4$gp.26-63$w()166564 996 $6245$aLa famiglia fragile$9(OLS)http://semarc/title/399872 LEADER 00400nab a2200133 i 4500 001 000000261153 003 CaOOAMICUS 005 20180831164604.0 008 180831n xx uu u0 0und r 013 $a2081 040 $aSeMil$bita 245 10$a[vedi periodico]. 773 0 $tResponsabilité de l'accompagnement.$dParis : Catéchèse, 2003.$w()137881 996 $6245$a[vedi periodico]$9(OLS)http://semarc/title/309439